|
|
|
|
| LEADER |
00000nam a22000007a 4500 |
| 005 |
20150323163952.0 |
| 007 |
cr|||| |||| |
| 008 |
150323s2015 mx |||||s|||| 00||0 spa d |
| 020 |
|
|
|a 978-368-726-884-0
|
| 035 |
|
|
|a 12622
|
| 040 |
|
|
|a vLex
|
| 090 |
|
|
|c 5369
|d 5369
|
| 100 |
1 |
|
|a Resňdiz Nn︢ez, Cuauhtm̌oc
|
| 245 |
1 |
0 |
|a Sociedades y asociaciones civiles 2015
|h [Recurso electrn̤ico] :
|b Rǧimen juridico-fiscal en ISR e IVA /
|c Jaime Domn̕guez Orozco, Cuauhtm̌oc Resňdiz Nn︢ez
|
| 256 |
|
|
|a Servicio en ln̕ea
|
| 260 |
|
|
|a Mx̌ico D.F.:
|b Ediciones Fiscales ISEF,
|c 2015
|
| 300 |
|
|
|a 1 recurso electrn̤ico
|
| 506 |
1 |
|
|a Contenido disponible en los productos indicados
|d vLex Global
|d vLex Global (Academic Edition, excluding Law Schools)
|d vLex Global (U.S. Academic Edition, Law Schools)
|d vLex Global (U.S. Academic Edition, excluding Law Schools)
|d vLex Global (Academic Edition, Law Schools)
|
| 650 |
0 |
4 |
|a Sociedades
|z Mx̌ico
|
| 650 |
0 |
4 |
|a Impuestos
|z Mx̌ico
|
| 700 |
1 |
|
|a Domn̕guez Orozco, Jaime
|
| 740 |
0 |
|
|a vLex Libros (Servicio en ln̕ea)
|
| 856 |
4 |
0 |
|u http://vlex.com/source/sociedades-y-asociaciones-civiles-2015-regimen-juridico-fiscal-en-isr-e-iva-12622
|z Acceso restringido
|
| 942 |
|
|
|c BOOK
|
| 999 |
0 |
|
|a Corporations
|
| 999 |
0 |
|
|a Indirect taxation
|